000 00334nam a2200145Ia 4500
008 210210b1952 xxu||||| |||| 00| 0 eng d
041 _aeng
082 _a828/659
100 _aVON (Papeu Franz)
245 _aMemoirs
260 _aLondon
_bAndre Deutsch Ltd.,
_c1952
650 _aMemoirs
690 _aBiography
906 _a016504
999 _c136057
_d136057